000
00402nam a2200145Ia 4500
008
100122s9999 xx 000 0 und d
082
_b
23447
_a
613
100
_a
गोखले शरच्चंद्र
245
_a
जगावेगळे जग
260
_c
1966
300
_a
50
630
_a
जगावेगळे जग
730
_a
जगावेगळे जग
942
_c
BOOK
999
_c
411046
_d
411043